MARC

LEADER 00000nam0a2200000 4500
001 364975
005 20231102011736.0
035 |a (RuTPU)RU\TPU\retro\22338 
090 |a 364975 
100 |a 20211206d1981 km y0rusy50 ca 
101 0 |a rus 
102 |a RU 
105 |a a z 001zy 
200 1 |a Быть небу голубым!  |f Г. М. Гордон, Л. М. Гордон 
210 |a Москва  |c Металлургия  |d 1981 
215 |a 232 с.  |c ил. 
320 |a Библиогр.: с. 229 
606 1 |a Металлургические заводы  |x Влияние на окружающую среду  |2 stltpush  |3 (RuTPU)RU\TPU\subj\42834  |9 62451 
610 1 |a воздух 
610 1 |a загрязнение 
610 1 |a атмосфера 
610 1 |a пыль 
610 1 |a вредные примеси 
610 1 |a окружающая природная среда 
610 1 |a защита 
675 |a 669.013:628  |v 4 
700 1 |a Гордон  |b Г. М.  |g Григорий Михайлович 
701 1 |a Гордон  |b Л. М.  |g Лена Михайловна 
801 1 |a RU  |b 63413507  |c 20211206 
942 |c BK